| 000 | 00829nam a2200217 i 4500 | ||
|---|---|---|---|
| 001 | bg | ||
| 100 | 1 | _aKNAPIK, Krzysztof | |
| 245 | 1 | 0 |
_aDynamiczne modele w badaniach sieci wodociągowych / _cKrzysztof Knapik ; Politechnika Krakowska im. Tadeusza Kościuszki. |
| 260 |
_aKraków : _bPK, _c2000. |
||
| 300 |
_a140 s. : _bwykr. ; _c24 cm. |
||
| 490 | 1 | _aMonografia / Politechnika Krakowska im. Tadeusza Kościuszki. Inżynieria Lądowa | |
| 500 | _aISSN i nr serii gł.: 0860-097X ; 279. - Streszcz. ang., niem. | ||
| 650 | 9 |
_aWodociągi _xurządzenia _xprojekty |
|
| 650 | 9 |
_aModele matematyczne _xstosowanie |
|
| 830 | 0 |
_aMonografia (Politechnika Krakowska im. Tadeusza Kościuszki). _pInżynieria Lądowa |
|
| 040 | _cBPK | ||
| 041 | 0 | _apl | |
| 080 | _a628.1 | ||
| 942 | _cKS | ||
| 008 | s pl f |000 0 pol | ||
| 999 |
_c39935 _d39935 |
||
| 856 |
_uhttp://koha.tu.koszalin.pl/cgi-bin/koha/opac-detail.pl?biblionumber=39935 _yKatalog online BPK |
||